|
|
|
|
| LEADER |
00000naa2a2200000 4500 |
| 001 |
613957 |
| 005 |
20231101132802.0 |
| 035 |
|
|
|a (RuTPU)RU\TPU\conf\12115
|
| 035 |
|
|
|a RU\TPU\conf\12114
|
| 090 |
|
|
|a 613957
|
| 100 |
|
|
|a 20150904d2015 k y0rusy50 ca
|
| 101 |
0 |
|
|a rus
|
| 102 |
|
|
|a RU
|
| 105 |
|
|
|a y z 101zy
|
| 135 |
|
|
|a drcn ---uucaa
|
| 181 |
|
0 |
|a i
|
| 182 |
|
0 |
|a b
|
| 200 |
1 |
|
|a Управление персоналом: современные подходы
|d Personnel management: current approaches
|f А. Ф. Кудрявцева, М. Ю. Юферева, С. А. Иштунов
|
| 203 |
|
|
|a Текст
|c электронный
|
| 225 |
1 |
|
|a Информационные технологии в управлении персоналом
|
| 230 |
|
|
|a 1 компьютерный файл (pdf; 366 Kb)
|
| 300 |
|
|
|a Заглавие с титульного экрана
|
| 320 |
|
|
|a [Библиогр.: с. 465 (3 назв.)]
|
| 337 |
|
|
|a Adobe Reader
|
| 463 |
|
0 |
|0 (RuTPU)RU\TPU\conf\11725
|t Информационные технологии в науке, управлении, социальной сфере и медицине
|o сборник научных трудов II Международной конференции, 19-22 мая 2015 г., Томск
|f Национальный исследовательский Томский политехнический университет (ТПУ) ; ред. кол. О. Г. Берестнева [и др.]
|v [С. 462-465]
|d 2015
|
| 510 |
1 |
|
|a Personnel management: current approaches
|z eng
|
| 610 |
1 |
|
|a труды учёных ТПУ
|
| 610 |
1 |
|
|a электронный ресурс
|
| 610 |
1 |
|
|a управление персоналом
|
| 610 |
1 |
|
|a предприятия
|
| 610 |
1 |
|
|a современные подходы
|
| 610 |
1 |
|
|a мотивационный механизм
|
| 610 |
1 |
|
|a стратегическое планирование
|
| 700 |
|
1 |
|a Кудрявцева
|b А. Ф.
|
| 701 |
|
1 |
|a Юферева
|b М. Ю.
|
| 701 |
|
1 |
|a Иштунов
|b С. А.
|
| 712 |
0 |
2 |
|a Национальный исследовательский Томский политехнический университет (ТПУ)
|c (2009- )
|2 stltpush
|3 (RuTPU)RU\TPU\col\15902
|
| 801 |
|
2 |
|a RU
|b 63413507
|c 20210129
|g RCR
|
| 856 |
4 |
|
|u http://earchive.tpu.ru/handle/11683/17201
|
| 856 |
4 |
|
|u http://www.lib.tpu.ru/fulltext/c/2015/C24/203.pdf
|
| 942 |
|
|
|c BK
|